| 000 | 01092nam a22002897a 4500 | ||
|---|---|---|---|
| 003 | OSt | ||
| 005 | 20230421115056.0 | ||
| 008 | 221006b |||||||| |||| 00| 0 eng d | ||
| 040 | _cBiblioteca Lado V | ||
| 082 |
_a700 _bZ39a |
||
| 100 |
_9802 _aZaya, Antonio _eeditor |
||
| 245 | _aARCO 97 LATINO/ | ||
| 260 |
_bArtes Gráficas Danubio _c1996 _aEspaña |
||
| 300 |
_c20x20cm _a36p. |
||
| 490 |
_a1 _v1996 |
||
| 505 | _aEditorial | ||
| 505 | _aEl Arte Latino-Americano Deja de Serlo | ||
| 505 | _aSin Titulo (En memoria de Felix Gonzalez-Torres) | ||
| 505 | _aArtistas Latinoamericanas: Un Modelo para entrar al Ideario de Necesidades | ||
| 505 | _aEl Arte Latinoamericano: Un Dialogo con Patricia Phelps de Cisneros | ||
| 650 |
_2Tesauro de Arte & Arquitectura _aARTE _9703 |
||
| 650 |
_2Tesauro de Arte & Arquitectura _aEXPOSICIONES |
||
| 650 |
_2Tesauro de Arte & Arquitectura _aLATINOAMERICA |
||
| 650 |
_2Tesauro de Arte & Arquitectura _aARTE CONTEMPORANEO |
||
| 650 |
_2Tesauro de Arte & Arquitectura _aMUJERES ARTISTAS |
||
| 942 |
_2ddc _c1 _h700 _iZ39a _n0 |
||
| 999 |
_c3423 _d3423 |
||